Statek plný zvířátek /

Hlavní autor: Vydrová, Markéta, 1968-
Jazyk: Čeština
Vydáno: Praha : Fragment, 2013
Vydání: 2. vyd.
Edice: Zábavné úkoly pro nejmenší
Témata:
Fyzický popis: [8] s. : vše barev. il. ; 27 cm
Knihy
Uloženo v:
LEADER 01298nam a2200397 a 4500
001 nkc20132468824
003 CZ PrNK
005 20130715094432.0
007 ta
008 130619s2013 xr a a 000 1 cze
015 |a cnb002468824 
020 |a 978-80-253-1860-7  |q (váz.) 
035 |a (OCoLC)855465374 
040 |a OLA001  |b cze 
072 7 |a 821-93  |x Literatura pro děti a mládež (beletrie)  |2 Konspekt  |9 26 
080 |a 821-93  |2 MRF 
080 |a (0.025.2)  |2 MRF 
100 1 |a Vydrová, Markéta,  |d 1968-  |7 xx0028719  |4 ill 
245 1 0 |a Statek plný zvířátek /  |c [ilustrace] Markéta Vydrová 
250 |a 2. vyd. 
260 |a Praha :  |b Fragment,  |c 2013 
300 |a [8] s. :  |b vše barev. il. ;  |c 27 cm 
490 1 |a Zábavné úkoly pro nejmenší 
500 |a Kartové listy 
500 |a Tištěno napříč 
521 8 |a Pro děti od 2 let 
655 7 |a leporela  |7 fd132727  |2 czenas 
655 7 |a publikace pro děti  |7 fd133156  |2 czenas 
655 9 |a folding picture-books  |2 eczenas 
655 9 |a children's literature  |2 eczenas 
830 0 |a Zábavné úkoly pro nejmenší  |0 s 
910 2 |a BOA001  |b 3-1307.052 
990 |a BK 
995 |a 01 
991 |b 201307  |e db 
996 6 |b 2610554415  |c 3-1307.052  |l MZK  |r Sklad / do 1 hodiny  |n 0  |p p.v.  |w 001341271  |u 000010  |a 1  |e BOA001  |j MZK50  |s P